Ultimate Diary of a Wimpy Kid Quiz Pt.3 The Last Straw - Statistics

General Stats
  • This quiz has been taken 19 times
  • The average score is 25 of 153
Answer Stats
Hint Answer % Correct
Who had Mrs Craig's dictionary? Alex Aruda
67%
Where did he go with her next? Bingo
67%
Who foils his plan? Fregley
67%
Who is the girl that Greg has a crush on? Holly Hills
67%
Who does Greg notice at the dance and tries to make a good impression on? Holly Hills
67%
What is the name of Manny's favourite blanket? Tingy
67%
According to Greg, where does she rank on the prettiness scale? 4th
50%
What is Rodrick's favourite day? April fools
50%
Who was the culprait of the snake stealing? Dad
50%
What was the punishment? Detention
50%
But this is basically? Detention
50%
What happened to Greg in sixth period during Mr Watsons class? He Fell Asleep
50%
Who was the class moniter while the teacher was gone? Patty Farrell
50%
Due to his anger at his loss of blanket, what does Manny call Greg? Ploopy
50%
What did Greg call Manny that caused him to break down? Ploopy
50%
How much did he intend to donate? $1
33%
What was the score of the first game of the season? 1-0
33%
How much money does Greg donate to charity? $20
33%
How much money does Greg put in the time capsule? $3
33%
When Greg's parents gave Rodrick money for his SATs, what did he spend it on? A Tatoo
33%
When Greg and Rodrick were young, they used to tell on eachother so frequently, their mum bought them what? A Tattle Turtle
33%
What item of clothing did Greg take from his mother? Bathrobe
33%
When Greg got out of the car to go to church for Easter, what was on his pants? Chocolate
33%
Who copped the blame for taking her dictionary? Corey Lamb
33%
Who did Holly mistake Greg for? Fregley
33%
When Greg's dad made him get out of bed, what would Greg lay ontop of? Furnace
33%
Who signed Greg's yearbook? Holly
33%
What did Greg's uncle Charlie get for him? Laundry hoop
33%
Who is the teenager that Greg's dad hates the most (apart from Rodrick)? Lenwood Heath
33%
Who was Greg's coach Mr Litch
33%
When Greg did that in front of Mr Watsons Class, he didn't stop until next period. Who was the teacher? Mrs Lowry
33%
What is Greg's Dad's boss called? Mr Warren
33%
Did they manage to block this? No
33%
Does this plan work? Of Couse Not. What do you think this is? A Soppy Romance novel?!
33%
What was Greg's first creation? Sheep
33%
Who was the author? Shel Silverstein
33%
What are the final two words of the book? The End
33%
What was the name of the book Greg's dad used to read him every night? The Giving Tree
33%
What did he claim it was? Titanic
33%
What was the name of the cute new girl that they met? Trista
33%
Who got them as a gift for him? Uncle Charlie
33%
Which people were on Greg's bus instead? Whirley Street Kids
33%
What is the title of Greg's attempt at a kids cartoon book? Wise up Mr Shropsharp
33%
Did Greg's team win their first game? Yes
33%
How long did the dictionary go missing for (and consequently the detentions lasted for)? 3 days
17%
What does Rowley ask for as a result? Autograph
17%
When Greg and two of his teammates got into the coach's car, Greg was in the passenger seat. What did one of his teammates do? Beep the horn
17%
What does Fregley say? Boogie Boogie Boogie!
17%
What does Greg sign up for as an excuse to quit soccer? Boy Scouts
17%
What was part two? Call her
17%
The night after, where did Greg, his dad and Rodrick go? Cinema
17%
When Greg runs out of energy to walk up the hill to his house, what does he get Rowley to do for him? Give him a piggyback ride
17%
For another classwide prank on Chirag, what did they pretend he was losing? His Hearing
17%
Where do they go instead? Hotel
17%
What did he write for himself? I hate your guts
17%
Who does this person dress up as? Joshie
17%
Who did they meet there? Lenwood Heath
17%
Where did he go? Military Academy
17%
What does Greg decide to do after school? Nap
17%
What did Greg's teammates pelt him with? Orange peels
17%
During the Snella's Half Birthday party, what was Manny rummaging through? Presents
17%
What did Greg's dad make him try out for? Rec League Soccer
17%
Who does his mum also make go with them? Rodrick
17%
Who does he take with him? Rowley
17%
What was Rowley's new nickname? Slick
17%
When they tried to use wood, Rowley got a splinted. What was the substitute that they got to use? Soap
17%
What is the name of the place that he was sent? Spag Union
17%
What were the two Christmas Presents that were in Greg's stocking? Stick of Deodorant and a Travel Dictionary
17%
If you didn't have enough money for the dance, where would you be sent? Study Hall
17%
When Greg and Rowley went to their bus stop, their was a message on the sign. What did it say? The bus route was re-zoned
17%
Where did he shoot him? The Butt
17%
When Greg wants to get the TV remote without moving his position, what fictional phenomenon does he try to use? The Force
17%
What was the team name that Greg came up with The Twisted Wizards
17%
What was the initiative Greg used on Rodrick? Three Strikes and You're out
17%
When Greg heard of an urban legend that a guy dug a hole in order to learn to jump higher, he tried digging a hole at Rowley's place. What did they use it for instead? Time Capsule
17%
What is Greg's New Years resolution? To Improve other people
17%
Who was the regular goalie? Tucker Fox
17%
When he couldn't think of another creation, what did he do? Turn it upside down
17%
What video game did Greg and Rowley play together? Twisted Wizard 2
17%
Who did he sit next to? Uncle Joe
17%
What article of clothing falls out of Greg's pants? Underwear
17%
What special event has everybody at school been talking about? Valentine's Dance
17%
What is the one article of clothing that Greg refuses to wear for most of the book? Wonder Woman Underoos
17%
Does the coach accept? Yes
17%
When they couldn't get enough supervisors for the dance, they decided to hold the dance during the day. What time during the day was this? 1:00
0%
What time does Greg get up the next morning? 11:00
0%
What does Greg decide to do with dad because he got sick in the day? A do over
0%
When Greg got home from school what did he recieve in the mail? A Valentine's letter
0%
After the game, what position does Greg ask the coach he could be? Backup Goalkeeper
0%
What did Greg's mum do as a result? Banned anyone from saying it
0%
Why is this important to Greg? Because Holly Hills lives on that street and she was also having a sleepover party
0%
Why did his dad want to get out of the house? Because mum was angry
0%
For the second soccer game, parents volunteer for Gregs position. What is his new position? Benchwarmer
0%
What is one of the types of Bingo Gear that the Bingo Players have? Bingo Troll
0%
What did he find there? Blue knit Blanket
0%
Where was his crush? By the snack bar
0%
What was a gift that Greg made for Mother's day and Father's day? Chore Coupon book
0%
What did Greg do to stop it? Clapped and said ouch
0%
What did Greg decide to do to get it back? Climb the tree
0%
When it got really cold what would Greg's dad refuse to let him get? Coat
0%
What did greg lose one of earlier? Contact lenses
0%
What Skating event occured at 9:00? Couples Skate
0%
What did his Dad think he did? Fake it so his dad didn't have to make a fool of himself
0%
What did this person do to him whenever he could? flick his ear/ give him a wet willie
0%
What does he have to wear as a result? Glasses
0%
What happened on the second day as a result? He almost fell asleep in Mr Watson's class
0%
When Greg wanted to do a campout with his father, what happened that stopped him? He got sick
0%
What made it even even worse? He had his Wonder Woman Underoos on
0%
What happened to Greg's Mum's bathrobe? He lost it
0%
Why did Greg and his Classmates get kept inside during recess by Mrs Craig? Her dictionary was missing
0%
What happened? He Slipped
0%
Why were they mad at him? He was blowing on Dandelions instead of being a goalie
0%
What made it even worse? His pants fell off
0%
What theme does Greg decide to use for his card exchange this year? Honesty
0%
What happens to him? Injures his hand
0%
When Greg answered Bingo wrongly, what did the regulars send over? Intimidator
0%
When Greg's mum saw his lousy results on his report card and told him to wait and see what his dad would think, what did Greg do? Invite Gramma over for dinner
0%
What happened on the way to the campsite? It rained
0%
But when this person signed Rowley's yearbook, how did that make Gregs version look? Lame
0%
Where did Greg hide to catch the snack thief? Laundry Basket
0%
During this, who did he sit in front of? Liam Ricket
0%
What else did he do? Lock the door
0%
What did he sit on? Manny's easter bunny
0%
What does one of gramma's friends do during Bingo so she didn't have to write on her cards? Memorise
0%
How did he get away with it? Not signing it
0%
When Greg confronted Manny, where did Manny throw it? Onto a tree
0%
What did Rodrick shoot Greg with? Paintball Gun
0%
For the next soccer match what did Greg and his two teammates had to block? Penalty kick
0%
What award did he win the previous year that he wished he didn't? Perfect Attendance Award
0%
What does this position actually do? Pick the ball out of brambles
0%
What does Manny do for revenge? play on his dad's civil war battlefield
0%
Where is the address of the kid who Rowley has a sleepover with and Greg tags along with? Pleasent Street
0%
What Rank did Greg get? Pre-Alpha Minus
0%
For one of Greg's practical jokes on Rowley, what does he convice him that a random guy in the urinal is? Professional Athlete
0%
What does Rodrick do to Greg when he convinced him that his crush is staying in the room next to his? Pushed him out of the room
0%
What was the name that was actually used Red Socks
0%
What does his dad do as a way of thanking him? Rethinks sending Greg to Spag Union
0%
Where does he overhear his crush going to? Roll-a-Round
0%
What position did Greg get in the soccer? Shag
0%
Greg had a two step plan to make his move on his crush. What was part one? Shake her hand at church
0%
What did they use as a time capsule? Shoe Box
0%
What does Greg's dad want Greg to do now? Sign up for Spag Union
0%
Greg's dad goes to bed early. Why? The Snellas have a new baby
0%
Why does this fact peave him off? The Snellas throw a half Birthday party
0%
Where was Holly Hills? Three Rows Back
0%
What did Greg's father do to Manny's blanket? Threw it away
0%
When Greg's mum put warm clothes in the basket that he was in, he fell asleep. How did he wake up? To the sound of Crinkling cellophane
0%
Which troop does he sign up for? Troop 133
0%
How many times did he try part two? Twice
0%
What did Greg get for lunch for a few days that severly hindered him? Two fruits and no snacks
0%
Where is Lenwood trying to get into by getting better grades? West Point
0%
What was the first task they did? whittling
0%
What did their coach do as a result? Yell at them
0%
No matching quizzes found
Score Distribution
Percent of People with Each Score
Percentile by Number Answered
Your Score History
You have not taken this quiz